| 000 | 01282nam a2200361Ia 4500 | ||
|---|---|---|---|
| 003 | GCL | ||
| 008 | 140319s9999 xx 000 0 ara d | ||
| 040 |
_aGCL / _cGCL |
||
| 082 | 0 | 4 |
_aق _b916.2 _bا ق |
| 100 | 1 | _aعمر طوسون | |
| 245 | 1 | 0 |
_aكتاب قوانين الدواوين / _cعمر طوسون |
| 700 | 1 | _aفؤاد سزكين | |
| 700 | 1 | _aابن مماتى : ابوالمكارم اسعد بن الخطير ابى سعد مهذب بن مينا بن زكريا المصرى | |
| 700 | 1 | _aعزيز سوريال عطية (جمع وتحقيق) | |
| 260 |
_a[S.N] : _bمعهد تاريخ العلوم العربية والاسلامية ، _c1992 |
||
| 300 | _a469 ص | ||
| 490 |
_aالجغرافيا الاسلامية _v0 |
||
| 650 | 0 | 4 | _aمصر |
| 650 | 0 | 4 | _aالمساحة |
| 650 | 0 | 4 | _aالزراعة |
| 650 | 0 | 4 | _aالتاريخ الاسلامى |
| 650 | 0 | 4 | _aالجغرافيا التاريخية |
| 650 | 0 | 4 | _aالمدن |
| 650 | 0 | 4 | _aنهر النيل |
| 650 | 0 | 4 | _aالدولة الايوبية |
| 650 | 0 | 4 | _aالحضارة الاسلامية |
| 650 | 0 | 4 | _aالمدن والقرى |
| 650 | 0 | 4 | _aالرى |
| 650 | 0 | 4 | _aالجسور |
| 650 | 0 | 4 | _aالترع |
| 650 | 0 | 4 | _aالمعاملات (فقه أسلامى) |
| 942 |
_2ddc _cBK |
||
| 999 |
_c36980 _d36980 |
||